000 00575na a2200205 4500
001 18353
003 MIRAKIL
005 20181213154903.0
008 161117b tu 000 0
040 _aMilas
_btur
_cTR-AnCHP
041 _atur
082 _a328.331
_bT96 İ74
090 _a328.331 T96 İ74
100 _aİslam, Nadir Latif
245 _aTürkiyede gensoru ve meclis tahkikatı
_cNadir Latif İslam
260 _aAnkara
_b[yayl. y.]
_c1966
300 _a137 s.
_c23 sm.
650 _aGensoru önergeleri
_xTürkiye Büyük Millet Meclisi
942 _2ddc
_cBKS
999 _c2604
_d2604